[Event "Schwaebische Meisterschaft 2024 B-Open"]
[Site "Augsburg"]
[Date "2024.05.10"]
[Round "3.10"]
[White "Suess, Florian"]
[Black "Forster, Rudolf"]
[Result "0-1"]
[WhiteElo "1334"]
[BlackElo "1900"]
[EventDate "2024.??.??"]
[PlyCount "84"]
[WhiteTeam "SC Windischeschenbach"]
[BlackTeam "SK Friedberg"]

1.c4 d6 2.g3 e5 3.Bg2 Nf6 4.e3 Be7 5.Ne2 O-O 6.O-O Nc6 7.Nbc3 Bf5 8.d4 e4 
9.a3 Qd7 10.Re1 Rfe8 11.b4 Bf8 12.Qc2 Rac8 13.Qa4 a6 14.d5 Ne5 15.Qxd7 
Nexd7 16.Nd4 Bg6 17.Bh3 Ra8 18.Na4 Ne5 19.Nb2 c5 20.dxc6 bxc6 21.Bg2 c5 
22.bxc5 dxc5 23.Ne2 Rad8 24.Nf4 Bf5 25.Re2 g5 26.Nh3 h6 27.Kh1 Rd7 28.Ng1 
g4 29.Rd2 Red8 30.Rxd7 Rxd7 31.a4 Nd3 32.Nxd3 exd3 33.Bd2 Ne4 34.Bxe4 
Bxe4+ 35.f3 gxf3 36.h4 f2+ 37.Kh2 fxg1=Q+ 38.Rxg1 Rb7 39.Bc3 Rb3 40.Ba1 d2
41.Rd1 Rd3 42.g4 Bf3 0-1

[Event "Schwaebische Meisterschaft 2024 B-Open"]
[Site "Augsburg"]
[Date "2024.05.12"]
[Round "7.12"]
[White "Suess, Florian"]
[Black "Crista, Alexander"]
[Result "1-0"]
[WhiteElo "1334"]
[BlackElo "1563"]
[EventDate "2024.??.??"]
[PlyCount "137"]
[WhiteTeam "SC Windischeschenbach"]
[BlackTeam "SK Kriegshaber"]

1.c4 c6 2.g3 d5 3.cxd5 Qxd5 4.Nf3 Bg4 5.Nc3 Qa5 6.Bg2 e6 7.Qb3 Qb6 8.Qxb6 
axb6 9.O-O Nf6 10.d4 Nbd7 11.e4 Be7 12.Bf4 O-O 13.Rfd1 b5 14.a3 b4 15.axb4
Bxb4 16.h3 Bxf3 17.Bxf3 Rfe8 18.d5 exd5 19.exd5 c5 20.Nb5 Rxa1 21.Rxa1 b6 
22.Kg2 Ba5 23.g4 h6 24.h4 Ne4 25.Nc7 Rf8 26.Bxe4 c4 27.Ra4 c3 28.bxc3 Bxc3
29.d6 Nc5 30.Rc4 Nxe4 31.Rxe4 Rd8 32.Re8+ Rxe8 33.Nxe8 Ba5 34.Nc7 Kf8 35.
g5 hxg5 36.Bxg5 f6 37.Bc1 Bb4 38.Bf4 Kf7 39.d7 Be7 40.Nd5 Bd8 41.Be3 b5 
42.Kf3 Ke6 43.Nb6 b4 44.Kg4 b3 45.Nc4 Kxd7 46.Kf5 Ke7 47.Kg6 Kf8 48.Kh7 
Kf7 49.Nd6+ Ke6 50.Nc4 f5 51.h5 Bf6 52.Nd2 b2 53.Nb1 Kd5 54.Bd2 Ke4 55.Kg6
f4 56.h6 gxh6 57.Kxf6 Kd3 58.Bxf4 Kc2 59.Na3+ Kb3 60.Be5 Kxa3 61.Bxb2+ 
Kxb2 62.f4 Kc3 63.Kg6 Kd4 64.f5 Ke5 65.f6 h5 66.f7 h4 67.f8=Q h3 68.Qf5+ 
Kd4 69.Qxh3 1-0

[Event "Schwaebische Meisterschaft 2024 B-Open"]
[Site "Augsburg"]
[Date "2024.05.09"]
[Round "1.5"]
[White "Suess, Florian"]
[Black "Junker, Lasse"]
[Result "0-1"]
[WhiteElo "1334"]
[BlackElo "1836"]
[EventDate "2024.??.??"]
[PlyCount "126"]
[WhiteTeam "SC Windischeschenbach"]
[BlackTeam "SK Caissa Augsburg"]

1.c4 c6 2.g3 d5 3.cxd5 cxd5 4.Bg2 Nf6 5.e3 Bf5 6.Ne2 e6 7.O-O Nc6 8.a3 Bd6
9.d4 Be4 10.Bxe4 Nxe4 11.Nbc3 f5 12.Nxe4 fxe4 13.Nf4 Bxf4 14.exf4 O-O 15.
Be3 Ne7 16.Qg4 Nf5 17.Rac1 Rf6 18.Rc3 Rg6 19.Qe2 Nh4 20.Rfc1 Nf3+ 21.Kg2 
Qh4 22.Rh1 Qh5 23.Qc2 Rf6 24.Rc8+ Rf8 25.Rxa8 Rxa8 26.Qc7 Qf7 27.Rc1 Re8 
28.Qxf7+ Kxf7 29.Rc7+ Re7 30.Rc1 Ke8 31.Rc8+ Kd7 32.Rc1 Kd6 33.h4 Rc7 34.
Rxc7 Kxc7 35.Kf1 Kb6 36.Ke2 Kb5 37.b3 a5 38.Kd1 a4 39.Kc2 h5 40.Kc3 Ka5 
41.Kb2 Kb5 42.Kc3 Ka5 43.Kb2 b5 44.Kc3 axb3 45.Kxb3 g6 46.Ka2 Ka4 47.Kb2 
b4 48.axb4 Kxb4 49.Kc2 Kc4 50.Kd1 Nxd4 51.Kd2 Nf3+ 52.Kc2 d4 53.Bc1 Ne1+ 
54.Kd1 Nd3 55.Bd2 Nxf2+ 56.Kc2 Nd3 57.Kd1 e3 58.Ba5 Nc5 59.Ke2 Ne4 60.Be1 
Nf6 61.Ba5 Ng4 62.Be1 d3+ 63.Kd1 Nf2+ 0-1

[Event "Schwaebische Meisterschaft 2024 B-Open"]
[Site "Augsburg"]
[Date "2024.05.10"]
[Round "3.4"]
[White "Doebel, Maximilian"]
[Black "Schneider, Sebastian"]
[Result "1-0"]
[WhiteElo "1716"]
[BlackElo "1551"]
[EventDate "2024.??.??"]
[PlyCount "53"]
[WhiteTeam "SAbt TSV Haunstetten"]
[BlackTeam "SK Friedberg"]

1.c4 e5 2.Nc3 Nf6 3.g3 c6 4.d4 exd4 5.Qxd4 d5 6.cxd5 cxd5 7.Bg2 Nc6 8.Qa4 
Be7 9.Bg5 Bd7 10.Rd1 Qb6 11.Bxf6 Bxf6 12.Nxd5 Qd8 13.Nxf6+ Qxf6 14.Qb3 
O-O-O 15.Rxd7 Kxd7 16.Qxb7+ Ke8 17.Qxc6+ Qxc6 18.Bxc6+ Ke7 19.e3 Rc8 20.
Be4 g6 21.Ne2 f5 22.Bb1 Rb8 23.b3 Rb7 24.Nd4 Rc8 25.Kd2 Kf6 26.Bd3 h5 27.
Ba6 1-0

[Event "Schwaebische Meisterschaft 2024 B-Open"]
[Site "Augsburg"]
[Date "2024.05.09"]
[Round "1.8"]
[White "Doebel, Maximilian"]
[Black "Schwarz, Susanne"]
[Result "1-0"]
[WhiteElo "1716"]
[BlackElo "1597"]
[EventDate "2024.??.??"]
[PlyCount "59"]
[WhiteTeam "SAbt TSV Haunstetten"]
[BlackTeam "SC Starnberg"]

1.d4 d5 2.Bf4 Nf6 3.e3 e6 4.Nf3 c5 5.Nbd2 Nc6 6.c3 a6 7.a4 b6 8.Bd3 c4 9.
Bc2 Bb7 10.e4 Na5 11.Bg5 Be7 12.e5 Ne4 13.Bxe7 Qxe7 14.Nxe4 dxe4 15.Nd2 
O-O 16.O-O e3 17.fxe3 Qg5 18.e4 Qg6 19.Rf3 f5 20.Rg3 Qf7 21.Qe2 f4 22.Rg4 
Rac8 23.Rf1 Qh5 24.h3 b5 25.axb5 axb5 26.Nf3 Nc6 27.Rh4 Qg6 28.d5 exd5 29.
exd5 Ne7 30.Bxg6 1-0

[Event "Schwaebische Meisterschaft 2024 B-Open"]
[Site "Augsburg"]
[Date "2024.05.10"]
[Round "3.11"]
[White "Kissel, Ralf"]
[Black "Schwarz, Susanne"]
[Result "1-0"]
[WhiteElo "1716"]
[BlackElo "1597"]
[EventDate "2024.??.??"]
[PlyCount "72"]
[WhiteTeam "SK Mannheim 1946"]
[BlackTeam "SC Starnberg"]

1.d4 d5 2.Bf4 Bf5 3.e3 Nf6 4.c3 c6 5.Nd2 e6 6.Ngf3 Nbd7 7.Qb3 Qb6 8.Be2 
Be7 9.O-O O-O 10.Ne5 Qxb3 11.axb3 h6 12.Rfc1 Nxe5 13.Bxe5 Nd7 14.Bg3 Nf6 
15.b4 a6 16.Nb3 Ne4 17.Nc5 Nxg3 18.hxg3 Bxc5 19.bxc5 Rfe8 20.f4 Re7 21.Ra3
f6 22.c4 Rae8 23.Rb3 e5 24.dxe5 fxe5 25.cxd5 exf4 26.gxf4 Rxe3 27.Rxe3 
Rxe3 28.Bf3 Rd3 29.dxc6 bxc6 30.Bxc6 Rd2 31.Bf3 Rxb2 32.c6 Rb1 33.Rxb1 
Bxb1 34.g4 Ba2 35.c7 Be6 36.Bd5 Kf7 1-0

[Event "Schwaebische Meisterschaft 2024 B-Open"]
[Site "Augsburg"]
[Date "2024.05.09"]
[Round "1.9"]
[White "Crista, Alexander"]
[Black "Mohm, Marvin"]
[Result "0-1"]
[WhiteElo "1563"]
[BlackElo "1739"]
[EventDate "2024.??.??"]
[PlyCount "110"]
[WhiteTeam "SK Kriegshaber"]
[BlackTeam "SK Koenigsbrunn"]

1.d4 d5 2.Bf4 c5 3.e3 Nc6 4.Nf3 Nf6 5.Ne5 Qb6 6.Nxc6 Qxb2 7.Nd2 bxc6 8.
dxc5 Qc3 9.Bd3 e5 10.Bg5 e4 11.Be2 Bxc5 12.O-O O-O 13.Rb1 Be7 14.Bf4 Qa3 
15.Ra1 Ba6 16.Bxa6 Qxa6 17.Nb3 Rfd8 18.Qd4 Nd7 19.Rab1 Bf6 20.Nc5 Qxa2 21.
Qb4 Be7 22.Qb3 Qxb3 23.Nxb3 Bf6 24.Na5 c5 25.Rb7 Ne5 26.Rfb1 d4 27.exd4 
cxd4 28.Bxe5 Bxe5 29.Nc6 Re8 30.Nxe5 Rxe5 31.Rd7 e3 32.fxe3 dxe3 33.Re1 f5
34.g3 a5 35.Rd3 a4 36.Kf1 a3 37.Ra1 a2 38.Ke2 Kf7 39.Rxe3 Rxe3+ 40.Kxe3 
Ke6 41.Kd3 Kd5 42.c4+ Kc5 43.Kc3 g5 44.Kb3 f4 45.gxf4 gxf4 46.h4 h5 47.Kc3
f3 48.Kd3 Ra3+ 49.Kd2 Kxc4 50.Rc1+ Kb3 51.Rc3+ Kb4 52.Rc1 a1=Q 53.Rxa1 
Rxa1 54.Ke3 Ra3+ 55.Kf2 Kc4 0-1

[Event "Schwaebische Meisterschaft 2024 B-Open"]
[Site "Augsburg"]
[Date "2024.05.10"]
[Round "4.2"]
[White "Nitsch, Markus"]
[Black "Weber, Manuel"]
[Result "1-0"]
[WhiteElo "1877"]
[BlackElo "1881"]
[EventDate "2024.??.??"]
[PlyCount "147"]
[WhiteTeam "SK Caissa Augsburg"]
[BlackTeam "SF Waldstetten 1982"]

1.d4 d5 2.c4 c6 3.Nf3 Nf6 4.g3 Bf5 5.Nc3 e6 6.Qb3 Qb6 7.c5 Qxb3 8.axb3 
Nbd7 9.b4 Be7 10.b5 O-O 11.Bf4 Ne4 12.bxc6 bxc6 13.Rg1 Nxc3 14.bxc3 h6 15.
g4 Be4 16.Ne5 Nxe5 17.Bxe5 f6 18.Bg3 a5 19.f3 Bc2 20.Kd2 Bb3 21.e3 Bd8 22.
Bd3 Ra7 23.Rgb1 Rb7 24.Ra3 a4 25.Rxa4 Bxa4 26.Rxb7 Rf7 27.Rb8 Rd7 28.Ra8 
Bb3 29.Rc8 Kf7 30.Rxc6 Rb7 31.Rc8 Ba5 32.Rb8 Rxb8 33.Bxb8 Ba4 34.Ba7 Bc7 
35.h3 Bc6 36.Bb6 Bb8 37.e4 Bf4+ 38.Ke2 Ke7 39.c4 Bb7 40.cxd5 exd5 41.exd5 
Bxd5 42.Bb5 Bb7 43.c6 Bc8 44.Kd3 f5 45.d5 fxg4 46.hxg4 g6 47.Bc5+ Bd6 48.
Be3 h5 49.Bg5+ Kf7 50.gxh5 gxh5 51.f4 Kg6 52.Ke3 Bc5+ 53.Kf3 Bg4+ 54.Kg3 
Bf5 55.Bd8 Bc8 56.Bc7 h4+ 57.Kh2 Be3 58.Be5 Bf5 59.d6 Bf2 60.Kg2 Bg3 61.
Be2 Be1 62.Bf3 Ba5 63.c7 Kf7 64.Bb7 Bd7 65.c8=Q Bxc8 66.Bxc8 Bd8 67.Bh3 
Bb6 68.Kf3 Bd8 69.Ke4 Kg6 70.Kd5 Kf7 71.Kc6 Ke8 72.Kb7 Kf7 73.Kc8 Ke8 74.
Bd7+ 1-0

[Event "Schwaebische Meisterschaft 2024 B-Open"]
[Site "Augsburg"]
[Date "2024.05.10"]
[Round "3.2"]
[White "Reschka, Tomas"]
[Black "Junker, Lasse"]
[Result "1-0"]
[WhiteElo "1753"]
[BlackElo "1836"]
[EventDate "2024.??.??"]
[PlyCount "85"]
[WhiteTeam "SK Kriegshaber"]
[BlackTeam "SK Caissa Augsburg"]

1.d4 d5 2.c4 c6 3.Nf3 Nf6 4.Nc3 dxc4 5.e3 b5 6.a4 b4 7.Na2 e6 8.Bxc4 Bb7 
9.O-O Nbd7 10.b3 Be7 11.Bb2 O-O 12.Nc1 c5 13.a5 Rc8 14.Nd3 Bd5 15.Bxd5 
Nxd5 16.dxc5 Nxc5 17.Nxc5 Rxc5 18.Qd4 f6 19.Qg4 e5 20.Qe6+ Kh8 21.Rfd1 Qc8
22.Qxc8 Rfxc8 23.Nd2 Nc3 24.Re1 Rd5 25.Nc4 Rd3 26.Rac1 Rcd8 27.Bxc3 Rxc3 
28.Rxc3 bxc3 29.Kf1 Bb4 30.Ke2 Kg8 31.Rd1 Rxd1 32.Kxd1 Kf7 33.a6 e4 34.Nb6
Ke6 35.Kc2 Bc5 36.Na4 Kd6 37.Nxc5 Kxc5 38.Kxc3 f5 39.f3 Kb5 40.Kd4 exf3 
41.gxf3 Kxa6 42.Ke5 g6 43.e4 1-0

[Event "Schwaebische Meisterschaft 2024 B-Open"]
[Site "Augsburg"]
[Date "2024.05.09"]
[Round "1.2"]
[White "Reschka, Tomas"]
[Black "Berger, Siegfried"]
[Result "1-0"]
[WhiteElo "1753"]
[BlackElo "1719"]
[EventDate "2024.??.??"]
[PlyCount "55"]
[WhiteTeam "SK Kriegshaber"]
[BlackTeam "SK Kriegshaber"]

1.d4 d5 2.Nf3 Bg4 3.e3 Nf6 4.h3 Bh5 5.Be2 Nc6 6.b3 e6 7.c4 Bb4+ 8.Bd2 
Bxd2+ 9.Nbxd2 O-O 10.g4 Bg6 11.Nh4 e5 12.Nxg6 fxg6 13.dxe5 Nxe5 14.f4 Nc6 
15.g5 Ne4 16.Nxe4 dxe4 17.a3 Qe7 18.Qd5+ Kh8 19.h4 Rf5 20.Qd2 Rd8 21.Qc3 
Kg8 22.b4 a6 23.c5 Nb8 24.Bc4+ Kf8 25.h5 gxh5 26.Rxh5 h6 27.Rxh6 Ke8 28.
Re6 1-0

[Event "Schwaebische Meisterschaft 2024 B-Open"]
[Site "Augsburg"]
[Date "2024.05.12"]
[Round "7.5"]
[White "Nieland, Klaus"]
[Black "Trimpl, Michael"]
[Result "1/2-1/2"]
[WhiteElo "1745"]
[BlackElo "1650"]
[EventDate "2024.??.??"]
[PlyCount "62"]
[WhiteTeam "SC Starnberg"]
[BlackTeam "SK Kriegshaber"]

1.d4 d5 2.Nf3 Nf6 3.e3 Bf5 4.Bd3 Bg4 5.O-O e6 6.Nbd2 c5 7.c3 Be7 8.Re1 O-O
9.b3 Nc6 10.Bb2 Rc8 11.h3 Bh5 12.Nf1 Bd6 13.g4 Bg6 14.Bxg6 hxg6 15.N1d2 
cxd4 16.exd4 Qc7 17.Rc1 Qb8 18.Qe2 Bf4 19.Rcd1 Nd7 20.Nf1 Rfd8 21.Ne3 Nf6 
22.Ng2 Ne4 23.Nxf4 Qxf4 24.Qe3 Qxe3 25.Rxe3 a6 26.Nd2 Nxd2 27.Rxd2 b5 28.
Ba3 a5 29.Bc5 b4 30.cxb4 axb4 31.Re1 Rd7 1/2-1/2

[Event "Schwaebische Meisterschaft 2024 B-Open"]
[Site "Augsburg"]
[Date "2024.05.11"]
[Round "5.3"]
[White "Doebel, Maximilian"]
[Black "Junker, Lasse"]
[Result "1-0"]
[WhiteElo "1716"]
[BlackElo "1836"]
[EventDate "2024.??.??"]
[PlyCount "73"]
[WhiteTeam "SAbt TSV Haunstetten"]
[BlackTeam "SK Caissa Augsburg"]

1.d4 d5 2.Nf3 Nf6 3.e3 c5 4.b3 cxd4 5.exd4 Nc6 6.Bd3 Bg4 7.Bb2 e6 8.Nbd2 
Be7 9.O-O O-O 10.a3 Rc8 11.Qe1 Qb6 12.Qe3 Bh5 13.c4 Bg6 14.c5 Qc7 15.b4 
Bxd3 16.Qxd3 b6 17.b5 Nb8 18.c6 a6 19.a4 Ne8 20.Ne5 Nd6 21.f4 Rfd8 22.Rf3 
f5 23.Qe2 Bf6 24.Rh3 Bxe5 25.Qxe5 Qf7 26.Nf3 axb5 27.Ng5 Qg6 28.axb5 Nxb5 
29.Qe2 Nd6 30.c7 Rxc7 31.Qxe6+ Qxe6 32.Nxe6 Rdc8 33.Nxc7 Rxc7 34.Ra8 Rc8 
35.Re3 Nd7 36.Rxc8+ Nxc8 37.Re8+ 1-0

[Event "Schwaebische Meisterschaft 2024 B-Open"]
[Site "Augsburg"]
[Date "2024.05.11"]
[Round "5.10"]
[White "Nieland, Klaus"]
[Black "Berger, Siegfried"]
[Result "1-0"]
[WhiteElo "1745"]
[BlackElo "1719"]
[EventDate "2024.??.??"]
[PlyCount "137"]
[WhiteTeam "SC Starnberg"]
[BlackTeam "SK Kriegshaber"]

1.d4 d5 2.Nf3 Nf6 3.e3 Bg4 4.Nbd2 e6 5.Bd3 Bd6 6.O-O O-O 7.Re1 Re8 8.e4 
dxe4 9.Nxe4 Nxe4 10.Bxe4 c6 11.c3 Nd7 12.Bc2 Nf6 13.h3 Bxf3 14.Qxf3 h6 15.
Bd2 Qc7 16.Bxh6 Nh7 17.Qg4 Bf8 18.Bf4 Qe7 19.Re2 g6 20.Rae1 Nf6 21.Qf3 Nh5
22.Bd2 Qd7 23.g4 Ng7 24.Bf4 Bd6 25.Bh6 Qe7 26.a3 c5 27.d5 e5 28.Qe3 Rad8 
29.c4 Qc7 30.Qg5 Be7 31.Qd2 Bd6 32.Bxg7 Kxg7 33.f4 f6 34.g5 f5 35.fxe5 
Rxe5 36.Rxe5 Bxe5 37.b3 Rh8 38.Qg2 Bd4+ 39.Kh1 Qd6 40.Re6 Qd7 41.Qf3 Re8 
42.Qe2 Rxe6 43.dxe6 Qc6+ 44.Qg2 Qxg2+ 45.Kxg2 Kf8 46.Bd1 Ke7 47.Bf3 Kxe6 
48.Bxb7 a5 49.Bd5+ Ke7 50.Kf3 Be5 51.Bc6 Kf8 52.Ke3 Bb2 53.b4 Bc1+ 54.Kd3 
Bxg5 55.bxa5 Bd8 56.a6 Bb6 57.a4 Ke7 58.a5 Ba7 59.Ke3 Kf6 60.h4 Ke5 61.Be8
f4+ 62.Kf3 Kf5 63.Bxg6+ Kxg6 64.Kxf4 Kh5 65.Ke5 Kxh4 66.Kd5 Kg5 67.Kc6 Kf6
68.Kb7 Ke7 69.Kxa7 1-0

[Event "Schwaebische Meisterschaft 2024 B-Open"]
[Site "Augsburg"]
[Date "2024.05.10"]
[Round "3.6"]
[White "Nieland, Klaus"]
[Black "Weidl, Robert"]
[Result "1/2-1/2"]
[WhiteElo "1745"]
[BlackElo "1889"]
[EventDate "2024.??.??"]
[PlyCount "51"]
[WhiteTeam "SC Starnberg"]
[BlackTeam "SC Schwabmuenchen"]

1.d4 Nf6 2.Bf4 g6 3.e3 Bg7 4.h3 d6 5.Bd3 b6 6.Nd2 Bb7 7.Ngf3 Nbd7 8.O-O 
O-O 9.Re1 c5 10.c3 Re8 11.e4 Nh5 12.Bh2 e5 13.Nc4 Qe7 14.dxc5 Nxc5 15.Bc2 
Red8 16.b4 Ne6 17.Ne3 Rac8 18.Qd2 Qc7 19.Nd5 Bxd5 20.exd5 Nef4 21.Bxf4 
exf4 22.Nd4 Bxd4 23.Qxd4 Qxc3 24.Qxc3 Rxc3 25.Bb3 Kf8 26.Re4 1/2-1/2

[Event "Schwaebische Meisterschaft 2024 B-Open"]
[Site "Augsburg"]
[Date "2024.05.11"]
[Round "6.11"]
[White "Kissel, Ralf"]
[Black "Huber, Andreas"]
[Result "1/2-1/2"]
[WhiteElo "1716"]
[BlackElo "1800"]
[EventDate "2024.??.??"]
[PlyCount "55"]
[WhiteTeam "SK Mannheim 1946"]
[BlackTeam "SK Toeging"]

1.d4 Nf6 2.Bf4 d6 3.e3 g6 4.Nf3 Bg7 5.c4 O-O 6.Nc3 Nbd7 7.Be2 c6 8.O-O Nh5
9.Bg3 Nxg3 10.hxg3 Nf6 11.Qc2 h5 12.e4 Bg4 13.Rfd1 Qc7 14.b4 a6 15.a4 Bxf3
16.gxf3 e5 17.d5 c5 18.b5 Bh6 19.Bf1 Kg7 20.Bh3 g5 21.Qe2 Kh8 22.g4 h4 23.
Rdb1 Kg7 24.Nd1 Ng8 25.Ne3 Ne7 26.Qb2 Rfb8 27.Qc3 Kh7 28.Bf1 1/2-1/2

[Event "Schwaebische Meisterschaft 2024 B-Open"]
[Site "Augsburg"]
[Date "2024.05.12"]
[Round "7.2"]
[White "Nitsch, Markus"]
[Black "Lorenz, Oda"]
[Result "1-0"]
[WhiteElo "1877"]
[BlackElo "1813"]
[EventDate "2024.??.??"]
[PlyCount "100"]
[WhiteTeam "SK Caissa Augsburg"]
[BlackTeam "SG Augsburg 1873"]

1.d4 Nf6 2.c4 b5 3.cxb5 c5 4.d5 a6 5.e3 axb5 6.Bxb5 Qa5+ 7.Nc3 g6 8.Bd2 
Bg7 9.a4 Qc7 10.Nf3 O-O 11.O-O Na6 12.e4 Nb4 13.Qe2 Ng4 14.Rac1 Qd6 15.h3 
Ne5 16.Nxe5 Qxe5 17.f4 Qh5 18.Rf3 Bd4+ 19.Be3 Ba6 20.b3 Bxb5 21.Nxb5 d6 
22.Nxd4 cxd4 23.Bxd4 Na6 24.g4 Qh4 25.g5 Qh5 26.Re3 Qxe2 27.Rxe2 Rab8 28.
Rc6 Nb4 29.Rb6 Nd3 30.f5 Nf4 31.Ra2 Nxh3+ 32.Kg2 Nxg5 33.fxg6 fxg6 34.e5 
Rxb6 35.Bxb6 dxe5 36.a5 Ne4 37.Re2 Nd6 38.Rxe5 Kf7 39.Bc5 Ra8 40.b4 Ra6 
41.Re6 g5 42.Bxd6 exd6 43.Re1 h5 44.Ra1 Kf6 45.b5 Ra8 46.b6 Ke5 47.b7 Rb8 
48.a6 Kf4 49.a7 Rxb7 50.a8=Q Rb2+ 1-0

[Event "Schwaebische Meisterschaft 2024 B-Open"]
[Site "Augsburg"]
[Date "2024.05.09"]
[Round "2.4"]
[White "Junker, Lasse"]
[Black "Zimmermann, Maximilian"]
[Result "1-0"]
[WhiteElo "1836"]
[BlackElo "1358"]
[EventDate "2024.??.??"]
[PlyCount "61"]
[WhiteTeam "SK Caissa Augsburg"]
[BlackTeam "SK Koenigsbrunn"]

1.d4 Nf6 2.c4 e6 3.g3 d5 4.Bg2 Be7 5.Nf3 O-O 6.O-O Nbd7 7.Qc2 dxc4 8.Nbd2 
Re8 9.Nxc4 c6 10.Rd1 Nb6 11.b3 Nxc4 12.bxc4 Qc7 13.e4 Nd7 14.Bf4 Bd6 15.e5
Be7 16.Ng5 Nf8 17.Ne4 Rd8 18.Nd6 c5 19.d5 Ng6 20.Nxc8 Qxc8 21.d6 Bf8 22.
Rab1 Rb8 23.Qa4 a6 24.Rb6 Rd7 25.Rdb1 f6 26.exf6 gxf6 27.Bc6 bxc6 28.Rxb8 
Qxb8 29.Rxb8 Nxf4 30.gxf4 Rxd6 31.Qxa6 1-0

[Event "Schwaebische Meisterschaft 2024 B-Open"]
[Site "Augsburg"]
[Date "2024.05.12"]
[Round "7.1"]
[White "Junker, Lasse"]
[Black "Rempel, Alexander"]
[Result "1-0"]
[WhiteElo "1836"]
[BlackElo "1715"]
[EventDate "2024.??.??"]
[PlyCount "94"]
[WhiteTeam "SK Caissa Augsburg"]
[BlackTeam "SF Augsburg"]

1.d4 Nf6 2.c4 e6 3.g3 d5 4.Bg2 Bb4+ 5.Nd2 O-O 6.Nf3 b6 7.O-O a5 8.Ne5 Bb7 
9.Ndf3 Be7 10.cxd5 Bxd5 11.b3 Nbd7 12.Bb2 c5 13.Nxd7 Nxd7 14.Rc1 Rc8 15.
dxc5 Nxc5 16.Nd4 Bxg2 17.Kxg2 Bf6 18.Ba1 Qd5+ 19.Nf3 Qxd1 20.Rfxd1 Bxa1 
21.Rxa1 Rfd8 22.Rac1 Kf8 23.Ne5 Rxd1 24.Rxd1 b5 25.Rc1 Rc7 26.Rxc5 Rb7 27.
a4 bxa4 28.bxa4 f6 29.Nd3 Ra7 30.Nb2 Rb7 31.Rb5 Ra7 32.Kf3 Ke7 33.Nc4 Rc7 
34.Nxa5 Rc3+ 35.e3 g5 36.Rb3 Rc2 37.Ra3 Kd6 38.Nb3 Kc7 39.Nd4 g4+ 40.Kxg4 
Rxf2 41.Nxe6+ Kd6 42.Nd4 Ke5 43.a5 Ke4 44.Kh3 f5 45.a6 f4 46.gxf4 h5 47.a7
Rc2 1-0

[Event "Schwaebische Meisterschaft 2024 B-Open"]
[Site "Augsburg"]
[Date "2024.05.11"]
[Round "5.1"]
[White "Nitsch, Markus"]
[Black "Rempel, Alexander"]
[Result "1/2-1/2"]
[WhiteElo "1877"]
[BlackElo "1715"]
[EventDate "2024.??.??"]
[PlyCount "69"]
[WhiteTeam "SK Caissa Augsburg"]
[BlackTeam "SF Augsburg"]

1.d4 Nf6 2.c4 e6 3.Nf3 d5 4.g3 Bb4+ 5.Bd2 Be7 6.Bg2 O-O 7.O-O dxc4 8.Qc2 
Nbd7 9.Qxc4 c6 10.Nc3 e5 11.dxe5 Nxe5 12.Nxe5 Qxd2 13.Qb3 Qd4 14.Nd3 Qb6 
15.Qc2 Re8 16.e4 Bf8 17.h3 Nd7 18.Kh1 Nc5 19.Nf4 Ne6 20.Nfe2 Bd7 21.f4 
Rad8 22.e5 Bc8 23.g4 Qe3 24.Rf3 Qd2 25.Rc1 Qxc2 26.Rxc2 Nd4 27.Nxd4 Rxd4 
28.Rf1 g6 29.Ne4 Kg7 30.Rd2 Rxd2 31.Nxd2 f6 32.Nf3 Be6 33.b3 Bd5 34.Re1 
Bxf3 35.Bxf3 1/2-1/2

[Event "Schwaebische Meisterschaft 2024 B-Open"]
[Site "Augsburg"]
[Date "2024.05.11"]
[Round "6.4"]
[White "Junker, Lasse"]
[Black "Dudnik, Daniel"]
[Result "1-0"]
[WhiteElo "1836"]
[BlackElo "1617"]
[EventDate "2024.??.??"]
[PlyCount "70"]
[WhiteTeam "SK Caissa Augsburg"]
[BlackTeam "SF Augsburg"]

1.d4 Nf6 2.c4 g6 3.Nc3 Bg7 4.e4 d6 5.Be2 O-O 6.Bg5 h6 7.Be3 c5 8.d5 Na6 9.
Qd2 Kh7 10.h4 h5 11.f3 Rh8 12.Nh3 e5 13.Ng5+ Kg8 14.O-O-O Nc7 15.Rdg1 a6 
16.g4 b5 17.gxh5 Nxh5 18.f4 exf4 19.Bxf4 bxc4 20.Rf1 Nb5 21.Bxc4 Nxc3 22.
bxc3 Qa5 23.Bxd6 Bxc3 24.Qc2 Qa3+ 25.Kd1 Bg4+ 26.Be2 Bxe2+ 27.Qxe2 Qa4+ 
28.Qc2 Qd4+ 29.Ke2 Qc4+ 30.Kf3 Rd8 31.Bh2 f6 32.Ne6 Rxd5 33.exd5 Qxd5+ 34.
Qe4 Qxe4+ 35.Kxe4 f5+ 1-0

[Event "Schwaebische Meisterschaft 2024 B-Open"]
[Site "Augsburg"]
[Date "2024.05.09"]
[Round "2.1"]
[White "Nitsch, Markus"]
[Black "Dudnik, Daniel"]
[Result "1-0"]
[WhiteElo "1877"]
[BlackElo "1617"]
[EventDate "2024.??.??"]
[PlyCount "113"]
[WhiteTeam "SK Caissa Augsburg"]
[BlackTeam "SF Augsburg"]

1.d4 Nf6 2.c4 g6 3.Nc3 Bg7 4.e4 d6 5.Be2 O-O 6.Bg5 h6 7.Be3 e5 8.d5 a5 9.
g4 Nh7 10.Qd2 g5 11.h4 f6 12.O-O-O Na6 13.f3 Bd7 14.Nh3 Kf7 15.Kb1 Rh8 16.
Nf2 Nf8 17.h5 Be8 18.c5 Nxc5 19.Bxc5 dxc5 20.d6 Qxd6 21.Qxd6 cxd6 22.Rxd6 
Ke7 23.Rhd1 Ne6 24.Rxe6+ Kxe6 25.Bc4+ Ke7 26.Nd5+ Kf8 27.Nc7 Rb8 28.Ne6+ 
Kg8 29.Nxg5+ Kf8 30.Ne6+ Kg8 31.Nxc5+ Kh7 32.Be6 Rf8 33.Bf5+ Kh8 34.Ne6 
Rf7 35.Rd5 b6 36.Nd1 Bf8 37.Bg6 Bb4 38.Bxf7 Bxf7 39.Rd8+ Rxd8 40.Nxd8 Bc4 
41.Nc6 Be2 42.Nxb4 axb4 43.Nf2 Kg7 44.Kc2 Kf7 45.Kd2 Bxf3 46.Ke3 Bg2 47.
Nd3 Bh3 48.Kf3 Bf1 49.Nxb4 Bc4 50.b3 Be6 51.Nd5 b5 52.a4 bxa4 53.bxa4 Bd7 
54.a5 Bc6 55.a6 Ke6 56.a7 Bb7 57.Ke3 1-0

[Event "Schwaebische Meisterschaft 2024 B-Open"]
[Site "Augsburg"]
[Date "2024.05.12"]
[Round "7.3"]
[White "Doebel, Maximilian"]
[Black "Reschka, Tomas"]
[Result "0-1"]
[WhiteElo "1716"]
[BlackElo "1753"]
[EventDate "2024.??.??"]
[PlyCount "82"]
[WhiteTeam "SAbt TSV Haunstetten"]
[BlackTeam "SK Kriegshaber"]

1.d4 Nf6 2.Nf3 c6 3.e3 d5 4.Bd3 Bg4 5.c4 e6 6.Qb3 Qb6 7.Ne5 Bh5 8.c5 Qc7 
9.Nd2 Nfd7 10.Nef3 b6 11.cxb6 axb6 12.O-O c5 13.Qc2 Nc6 14.e4 Nb4 15.Qb1 
c4 16.Be2 Bg6 17.Nh4 Bd6 18.g3 Nc6 19.Nxg6 hxg6 20.Bf3 Nxd4 21.Bh1 Ne2+ 
22.Kg2 d4 23.Qc2 b5 24.Nf3 d3 25.Qd1 Nc5 26.Ng1 Nxc1 27.Qxc1 Nxe4 28.Qe3 
Nf6 29.Nh3 Rd8 30.Ng5 Qc5 31.Qc1 Bc7 32.Nf3 Bb6 33.a3 Ne4 34.Qf4 Qf5 35.
Qc1 Qh3+ 36.Kg1 Nxg3 37.Bg2 Ne2+ 38.Kh1 Nxc1 39.Bxh3 Nb3 40.Rae1 Rxh3 41.
Ng5 d2 0-1

[Event "Schwaebische Meisterschaft 2024 B-Open"]
[Site "Augsburg"]
[Date "2024.05.09"]
[Round "1.1"]
[White "Nieland, Klaus"]
[Black "Nitsch, Markus"]
[Result "0-1"]
[WhiteElo "1745"]
[BlackElo "1877"]
[EventDate "2024.??.??"]
[PlyCount "58"]
[WhiteTeam "SC Starnberg"]
[BlackTeam "SK Caissa Augsburg"]

1.d4 Nf6 2.Nf3 g6 3.e3 Bg7 4.Bd3 d5 5.Nbd2 c5 6.c3 b6 7.O-O O-O 8.Re1 Bb7 
9.e4 dxe4 10.Nxe4 cxd4 11.Nxd4 Nxe4 12.Bxe4 Bxe4 13.Rxe4 e5 14.Bg5 Qxg5 
15.Nf3 Qf5 16.Qe2 Nd7 17.Rd1 Nc5 18.Rc4 Rad8 19.Ne1 e4 20.g4 Qe6 21.b3 
Rxd1 22.Qxd1 e3 23.f3 e2 24.Qd2 Bf6 25.h3 Rd8 26.Rd4 Bxd4+ 27.cxd4 Qd6 28.
Kg2 Qxd4 29.Qxe2 Qd2 0-1

[Event "Schwaebische Meisterschaft 2024 B-Open"]
[Site "Augsburg"]
[Date "2024.05.11"]
[Round "6.2"]
[White "Reschka, Tomas"]
[Black "Nitsch, Markus"]
[Result "1/2-1/2"]
[WhiteElo "1753"]
[BlackElo "1877"]
[EventDate "2024.??.??"]
[PlyCount "83"]
[WhiteTeam "SK Kriegshaber"]
[BlackTeam "SK Caissa Augsburg"]

1.d4 Nf6 2.Nf3 g6 3.g3 Bg7 4.Bg2 c6 5.c4 d5 6.b3 O-O 7.O-O Bf5 8.Nh4 a5 9.
Nxf5 gxf5 10.e3 c5 11.Bb2 cxd4 12.exd4 Nc6 13.c5 Ne4 14.Qd3 Nxc5 15.Qxf5 
Nxd4 16.Bxd4 Bxd4 17.Qg4+ Bg7 18.Nc3 e6 19.Rac1 Nd3 20.Rc2 Rc8 21.Rd1 Nb4 
22.Rcc1 h5 23.Qf3 Qf6 24.Ne2 Nxa2 25.Rxc8 Rxc8 26.Nf4 Rc2 27.Qd3 Rc4 28.
Nxh5 Qg6 29.Qxg6 fxg6 30.Nf4 Kf7 31.Bh3 e5 32.Nxd5 Rc1 33.Rxc1 Nxc1 34.Nc7
Ke7 35.b4 a4 36.Nb5 Nd3 37.Bg2 Nxb4 38.Bxb7 Nc2 39.Bd5 a3 40.Nc3 Nb4 41.
Bb3 Bh6 42.Kf1 1/2-1/2

[Event "Schwaebische Meisterschaft 2024 B-Open"]
[Site "Augsburg"]
[Date "2024.05.11"]
[Round "5.4"]
[White "Forster, Rudolf"]
[Black "Trimpl, Michael"]
[Result "1-0"]
[WhiteElo "1900"]
[BlackElo "1650"]
[EventDate "2024.??.??"]
[PlyCount "80"]
[WhiteTeam "SK Friedberg"]
[BlackTeam "SK Kriegshaber"]

1.e4 c5 2.Nc3 Nc6 3.Bb5 Nd4 4.Bc4 g6 5.Nge2 Bg7 6.d3 a6 7.Nxd4 cxd4 8.Ne2 
b5 9.Bd5 Rb8 10.O-O Nf6 11.Bb3 e5 12.f4 d6 13.Qe1 O-O 14.Bd2 Bb7 15.Bb4 
Re8 16.a4 Qb6 17.Ng3 Rbc8 18.axb5 axb5 19.f5 d5 20.fxg6 hxg6 21.Kh1 Ng4 
22.Bd2 Nf6 23.Bg5 Rf8 24.Bxf6 Bxf6 25.exd5 Bg7 26.Qa5 Qxa5 27.Rxa5 f5 28.
Rxb5 Ba8 29.h4 Kh7 30.h5 gxh5 31.Rxf5 Rxf5 32.Nxf5 Rf8 33.Nxg7 Kxg7 34.Rb6
Re8 35.Kh2 Kh7 36.Kh3 h4 37.Kxh4 e4 38.dxe4 Rxe4+ 39.g4 Re5 40.d6 Re8 1-0